<?xml version="1.0" encoding="UTF-8"?>
<record
    xmlns:xsi="http://www.w3.org/2001/XMLSchema-instance"
    xsi:schemaLocation="http://www.loc.gov/MARC21/slim http://www.loc.gov/standards/marcxml/schema/MARC21slim.xsd"
    xmlns="http://www.loc.gov/MARC21/slim">

  <leader>03328nam a2200337 a 4500</leader>
  <controlfield tag="003">OSt</controlfield>
  <controlfield tag="005">20250924112309.0</controlfield>
  <controlfield tag="007">cr ||||||a|a|a</controlfield>
  <controlfield tag="008">250826s2025    mx a|||fom||| 001 0 spa d</controlfield>
  <datafield tag="040" ind1=" " ind2=" ">
    <subfield code="e">rda</subfield>
  </datafield>
  <datafield tag="100" ind1="1" ind2=" ">
    <subfield code="a">C&#xE1;rdenas Hern&#xE1;ndez, Brayan Imberlai</subfield>
    <subfield code="9">190975</subfield>
  </datafield>
  <datafield tag="245" ind1="1" ind2="0">
    <subfield code="a">Consideraciones para preparar ganado ceb&#xFA; para exposici&#xF3;n ganadera /</subfield>
    <subfield code="c">por Brayan Imberlai C&#xE1;rdenas Hern&#xE1;ndez; director de tesis Jos&#xE9; Luis Zaragoza Ram&#xED;rez; secretario  Jos&#xE9; Melquiades Monz&#xF3;n Armenta; vocal Jos&#xE9; Ayala Oseguera; suplente Melit&#xF3;n C&#xF3;rdoba &#xC1;lvarez; suplente  Pedro Arturo Mart&#xED;nez Hern&#xE1;ndez.</subfield>
  </datafield>
  <datafield tag="264" ind1=" " ind2="1">
    <subfield code="a">Chapingo, M&#xE9;xico :</subfield>
    <subfield code="b">El autor,</subfield>
    <subfield code="c">2025.</subfield>
  </datafield>
  <datafield tag="300" ind1=" " ind2=" ">
    <subfield code="a">1 recurso en l&#xED;nea (65 p&#xE1;ginas):</subfield>
    <subfield code="b">cuadros, figuras.</subfield>
  </datafield>
  <datafield tag="336" ind1=" " ind2=" ">
    <subfield code="2">rdacontent</subfield>
    <subfield code="a">texto</subfield>
    <subfield code="b">txt</subfield>
  </datafield>
  <datafield tag="337" ind1=" " ind2=" ">
    <subfield code="2">rdamedia</subfield>
    <subfield code="a">computadora</subfield>
    <subfield code="b">c</subfield>
  </datafield>
  <datafield tag="338" ind1=" " ind2=" ">
    <subfield code="2">rdacarrier</subfield>
    <subfield code="a">recurso en l&#xED;nea</subfield>
    <subfield code="b">cr</subfield>
  </datafield>
  <datafield tag="502" ind1=" " ind2=" ">
    <subfield code="b">IAEZ</subfield>
    <subfield code="c">Zootecn&#xED;a</subfield>
    <subfield code="d">2025.</subfield>
    <subfield code="g">LIC</subfield>
  </datafield>
  <datafield tag="504" ind1=" " ind2=" ">
    <subfield code="a">Incluye referencias bibliogr&#xE1;ficas:35-36 p&#xE1;ginas .</subfield>
  </datafield>
  <datafield tag="520" ind1=" " ind2=" ">
    <subfield code="a">Los objetivos fueron hacer una breve revisi&#xF3;n sobre el proceso de mansedumbre de bovinos de raza Ceb&#xFA; y presentar resultados de su aplicaci&#xF3;n en tres razas de ganado Ceb&#xFA;, Guzerat, Gyr y Nelore, del Rancho &#x201C;La Trinidad&#x201D;, Roberto Barrios, Mapastepec, Chiapas, preparados para ser exhibidos en ferias ganaderas. Cinco bovinos de raza Guzerat, cinco de raza Nelore y cuatro de raza Gyr fueron expuestos a un proceso de mansedumbre para aumentar su nivel de docilidad al ser presentados en la feria ganadera local y regional. El proceso de mansedumbre es complejo y debe ser bien entendido por el entrenador, debido a que incluye actividades como lazado de animales con soga, acercamiento del entrenador, ba&#xF1;o de animales, tocamiento y caricias al cuerpo del animal, alimentaci&#xF3;n en pesebre y agua de bebida ad libitum. Lo resultados se eval&#xFA;an en escala de 5 puntos propuesta por Hammond et al., (1996). En el rancho, el trabajo de mansedumbre logr&#xF3; que los bovinos Guzerat y Gyr fueran m&#xE1;s d&#xF3;ciles que los bovinos Nelore, los cuales resultaron ser m&#xE1;s temperamentales. Todos los bovinos fueron alimentados con una mezcla balanceada, la cual caus&#xF3; aumento en el peso vivo de todos los bovinos. Los bovinos Guzerat ganaron m&#xE1;s peso (18.750 kg) que los de la raza Gyr y Nelore (P &lt; 0.05). La ganancia de peso por d&#xED;a para animales Guzerat fue mayor en 0.522 y 0.367 kg que el grupo de animales Gyr y Nelore (p &lt; 0.05), respectivamente. El grupo de bovinos de la raza Gyr fueron lo menos pesados y tuvieron la menor ganancia de peso por semana y por d&#xED;a. La ganancia de peso acumulado por semana fue de 15.357, 11.812 y 12.419 kg para Guzerat, Gyr y Nelore, sin diferencia entre razas (p &gt; 0.05).</subfield>
  </datafield>
  <datafield tag="650" ind1=" " ind2="4">
    <subfield code="a">Ganado ceb&#xFA;</subfield>
    <subfield code="x">Mansedumbre</subfield>
    <subfield code="9">191231</subfield>
  </datafield>
  <datafield tag="650" ind1=" " ind2="4">
    <subfield code="a">Ganado ceb&#xFA;</subfield>
    <subfield code="x">Alimentaci&#xF3;n</subfield>
    <subfield code="9">191232</subfield>
  </datafield>
  <datafield tag="650" ind1=" " ind2="4">
    <subfield code="a">Ganado ceb&#xFA;</subfield>
    <subfield code="x">Peso</subfield>
    <subfield code="9">45059</subfield>
  </datafield>
  <datafield tag="700" ind1="1" ind2=" ">
    <subfield code="a">Zaragoza Ram&#xED;rez, Jos&#xE9; Luis</subfield>
    <subfield code="9">123684</subfield>
    <subfield code="e">director.</subfield>
  </datafield>
  <datafield tag="700" ind1="1" ind2=" ">
    <subfield code="a">Monz&#xF3;n Armenta, Jos&#xE9; Melquiades</subfield>
    <subfield code="9">78028</subfield>
    <subfield code="e">secretario.</subfield>
  </datafield>
  <datafield tag="700" ind1="1" ind2=" ">
    <subfield code="a">Ayala Oseguera, Jos&#xE9;</subfield>
    <subfield code="9">8966</subfield>
    <subfield code="e">vocal.</subfield>
  </datafield>
  <datafield tag="700" ind1="1" ind2=" ">
    <subfield code="a">C&#xF3;rdoba &#xC1;lvarez, Melit&#xF3;n</subfield>
    <subfield code="9">27815</subfield>
    <subfield code="e">suplente.</subfield>
  </datafield>
  <datafield tag="700" ind1="1" ind2=" ">
    <subfield code="a">Mart&#xED;nez Hern&#xE1;ndez, Pedro Arturo</subfield>
    <subfield code="9">72165</subfield>
    <subfield code="e">suplente.</subfield>
  </datafield>
  <datafield tag="856" ind1=" " ind2=" ">
    <subfield code="u">http://10.13.5.2/tesis/tl/1910301-8_CARDENAS_HERNANDEZ_BRAYAN%20IMBERLAI.pdf</subfield>
    <subfield code="z">DESCARGAR PDF</subfield>
  </datafield>
  <datafield tag="942" ind1=" " ind2=" ">
    <subfield code="2">Clasificaci&#xF3;n Universidad Aut&#xF3;noma Chapingo</subfield>
    <subfield code="c">TD</subfield>
  </datafield>
  <datafield tag="999" ind1=" " ind2=" ">
    <subfield code="c">220854</subfield>
    <subfield code="d">220854</subfield>
  </datafield>
  <datafield tag="952" ind1=" " ind2=" ">
    <subfield code="0">0</subfield>
    <subfield code="1">0</subfield>
    <subfield code="2">local</subfield>
    <subfield code="4">0</subfield>
    <subfield code="5">1</subfield>
    <subfield code="7">0</subfield>
    <subfield code="8">TesDigL</subfield>
    <subfield code="a">BD</subfield>
    <subfield code="b">BD</subfield>
    <subfield code="c">E_L</subfield>
    <subfield code="d">2025-08-26</subfield>
    <subfield code="l">0</subfield>
    <subfield code="o">Tesis digital</subfield>
    <subfield code="r">2025-08-26 12:37:20</subfield>
    <subfield code="w">2025-08-26</subfield>
    <subfield code="y">TD</subfield>
  </datafield>
</record>
